|
|
|
|
| LEADER |
01157cam a2200349 7i4500 |
| 001 |
0000033111 |
| 005 |
20170112090000.0 |
| 007 |
##ta |
| 008 |
170110s2015 enk - 00 -eng |
| 020 |
# |
# |
|a 978147391381
|
| 040 |
# |
# |
|a MATR
|
| 090 |
0 |
0 |
|a ASIA 338.04095
|b ASI
|
| 245 |
0 |
0 |
|a ASIAN ENTREPRENEURSHIP
|c Edited by Leo Paul Dana.
|
| 264 |
# |
1 |
|a London:
|b Sage,
|c 2015.
|
| 300 |
# |
# |
|a 5 volumes:
|b illustrations;
|c 24 cm.
|
| 336 |
# |
# |
|a text
|2 rdacontent
|
| 337 |
# |
# |
|a unmediated
|2 rdamedia
|
| 338 |
# |
# |
|a volume
|2 rdacarrier
|
| 504 |
# |
# |
|a Includes bibliographical references
|
| 505 |
0 |
# |
|a Volume 1
|
| 505 |
0 |
# |
|a Volume 2
|
| 505 |
0 |
# |
|a Volume 3
|
| 505 |
0 |
# |
|a Volume 4
|
| 505 |
0 |
# |
|a Volume 5
|
| 650 |
# |
0 |
|a Entrepreneurship --
|z Asia
|
| 651 |
# |
0 |
|a Asia --
|x Economic conditions
|
| 700 |
1 |
# |
|a Dana, Lǒ Paul
|
| 999 |
|
|
|a B000037448
|b Book
|c Regions
|e Business Information Centre
|
| 999 |
|
|
|a B000037449
|b Book
|c Regions
|e Business Information Centre
|
| 999 |
|
|
|a B000037450
|b Book
|c Regions
|e Business Information Centre
|
| 999 |
|
|
|a B000037451
|b Book
|c Regions
|e Business Information Centre
|
| 999 |
|
|
|a B000037452
|b Book
|c Regions
|e Business Information Centre
|